One Piece- Dans quel arc Robin porte-t-elle cette tenue ? - Statistiques

Statistiques générales
  • Ce quiz a été pris 95 fois
  • Le résultat moyen est 12 sur 14
Statistiques - réponses
Par images Réponse % Correct
Alabasta
100%
Dressrosa
100%
Wano Kuni
99%
Water Seven/Enies Lobby
99%
Egghead
97%
Punk Hazard
97%
Thriller Bark
95%
Skypiea
93%
Onigashima
90%
Sabaody
90%
Retour à Sabaody/Ile des Hommes Poissons
89%
Zou
67%
Long Ring Long Land
59%
Post Marine Ford
14%
Aucun quiz correspondant
Distribution des résultats
% des personnes avec chaque résultat
Percentile par nombre de réponses
Votre historique - résultats
Vous n’avez pas pris ce quiz